Japonské prefektury podle mapy - Statistics

General Stats
  • This quiz has been taken 21 times
  • The average score is 17 of 47
Answers on the Map
Answers color-coded by a green-red scale on the quiz's map according to % correct below.
 
Answer Stats
Prefecture % Correct
Tokio
92%
Hokkaidó
75%
Nagasaki
75%
Fukušima
67%
Hirošima
67%
Okinawa
67%
Ósaka
67%
Kjóto
58%
Fukuoka
42%
Nagano
42%
Nara
42%
Niigata
42%
Akita
33%
Aomori
33%
Čiba
33%
Iwate
33%
Jamaguči
33%
Kagawa
33%
Kanagawa
33%
Okajama
33%
Saitama
33%
Šizuoka
33%
Aiči
25%
Ehime
25%
Fukui
25%
Gifu
25%
Gunma
25%
Hjógo
25%
Ibaraki
25%
Išikawa
25%
Jamagata
25%
Jamanaši
25%
Kóči
25%
Mie
25%
Mijagi
25%
Mijazaki
25%
Óita
25%
Saga
25%
Šiga
25%
Šimane
25%
Točigi
25%
Tojama
25%
Tottori
25%
Wakajama
25%
Kagošima
17%
Kumamoto
17%
Tokušima
17%
No matching quizzes found
Score Distribution
Percent of People with Each Score
Percentile by Number Answered
Your Score History
You have not taken this quiz